Whose Eden? (Registro nro. 298)

Detalles MARC
000 -CABECERA
Campo de control 00649nam a2200217 a 4500
005 - FECHA Y HORA DE LA ULTIMA TRANSACCION
Campo de control 20200519123930.0
008 - ELEMENTOS DE LONGITUD FIJA—INFORMACION GENERAL
Campo de control 200506b ||||| |||| 00| 0 spa d
020 ## - ISBN
ISBN 0905347749
040 ## - FUENTE DE CATALOGACIÓN
Agencia catalogadora original CO-BoIAVH
Agencia transcriptora CO-BoIAVH
041 ## - IDIOMA
Código de idioma para texto/pista de sonido o título separado Inglés
044 ## - PAÍS DE PUBLICACIÓN
País de publicación Inglaterra
082 ## - NUMERO DE CLASIFICACION DECIMAL DEWEY
Número de clasificación 639.9
090 ## - CLASIFICACIÓN LOCAL
Colección LB
Consecutivo 00278
110 ## - ASIENTO PRINCIPAL--NOMBRE CORPORATIVO
Unidad subordinad International Institute for Environment and Development
245 ## - MENCION DE TITULO
Título Whose Eden?
Parte restante del título an overview of community approaches to wildlife management
260 ## - PUBLICACION, DISTRIBUCION, ETC. (PIE DE IMPRENTA)
Lugar de publicación, distribución, etc. Londres
Nombre del editor, distribuidor, etc. IIED
Fecha de publicación, distribución, etc. 1994
300 ## - DESCRIPCION FISICA
Extensión 124 p.
650 #0 - ASIENTO SECUNDARIO DE MATERIA - TERMINO TEMATICO
Término temático o nombre geográfico como elemento de entrada Manejo de la vida silvestre
650 #0 - ASIENTO SECUNDARIO DE MATERIA - TERMINO TEMATICO
Término temático o nombre geográfico como elemento de entrada Conservación de la vida silvestre
942 ## - ELEMENTOS ADICIONALES (KOHA)
Tipo de ítem Libro
Sistema de clasificación Dewey Decimal Classification
Existencias
Withdrawn status Lost status Sistema de Clasificación Damaged status No para préstamo Colección Ubicación Permanente Ubicación actual Fecha de adquisición Total Checkouts Número topográfico Inventario / Código de Barras Date last seen Ejemplar Price effective from Tipo de material
    Dewey Decimal Classification     General Villa de Leyva Villa de Leyva 04/12/2012   LB-00278 AUTO_542 04/12/2012 Ej. 04/12/2012 Libro